00664nam a2200241 a 4500001001300000003000900013005001700022008004100039020001000080082001300090100001700103245002000120260003800140300000900178500003500187505001000222650001300232700001700245902000800262942000700270952012800277999001700405nice12345678IN_TiNIC20260116015218.0050524s1964 newa grp 000 0 eng  ac10000a200bNOS aNoss, John B aMan`s Religions aNew YorkbMacmillan Companyc1964 a816p aincludes index and biblioraphy2 aIndex aReligion1 aNoss, John B bSRS cBK 001040708StackRoom-aHMIbHMId2007-03-19g100.00l2o200 NOSp11000163r2019-07-24s2019-07-16v100.00w2005-05-24yBK c18781d18781